Ligne 4 du Métro Parisien - Statistiques

Statistiques générales
  • Ce quiz a été pris 1 113 fois
  • Le résultat moyen est 22 sur 29
Statistiques - réponses
n gares correspondances % Correct
13 Châtelet M 1 7 11 14
93%
6 Gare du Nord M 2 5RER B D E Transilien H K
90%
12 Les Halles RER A B D
90%
1 Porte de Clignancourt T 3b
89%
7 Gare de l'Est M 5 7Transilien P
88%
20 Montparnasse - Bienvenüe M 6 12 13Transilien N
86%
16 Odéon M 10
84%
15 Saint-Michel RER B C
83%
14 Cité
82%
8 Château d'Eau
81%
18 Saint-Sulpice
79%
19 Saint-Placide
78%
23 Denfert-Rochereau M 6RER B
77%
5 Barbès - Rochechouart M 2
75%
9 Strasbourg - Saint-Denis M 8 9
75%
26 Porte d'Orléans T 3a
73%
22 Raspail M 6
73%
10 Réaumur - Sébastopol M 3
73%
25 Alésia
72%
4 Château Rouge
72%
17 Saint-Germain-des-Prés
72%
21 Vavin
70%
29 Bagneux - Lucie Aubrac
69%
28 Barbara
68%
27 Mairie de Montrouge
68%
11 Etienne Marcel
67%
3 Marcadet - Poissonniers M 12
60%
2 Simplon
60%
24 Mouton-Duvernet
57%
Aucun quiz correspondant
Distribution des résultats
% des personnes avec chaque résultat
Percentile par nombre de réponses
Votre historique - résultats
Vous n’avez pas pris ce quiz